MDQL
is popping MORE tags! Check the
thread
!
Quizzes
Events
Quiz Creation
Community
Videos
Private Events
Remove Ads
Sign In
Join for FREE
Feedback
Dark Mode
Quiz Categories
Sports
Geography
Music
Movies
Television
Just For Fun
Miscellaneous
History
Literature
Language
Science
Gaming
Entertainment
Religion
Holiday
For Kids
Quiz Lab
Recent
Popular Today
Quiz Kudos Today
Editor Picks
Curator Picks
Quizzes by...
Day
Popularity
Type
Ratings
Length
Year
Community
Subscriptions
Recent Discussions
Orange Saloon
Badges
Playlists
Quests
Create
Leaderboards
Showdown
Live 5
Trivia Bingo
Activity
Puzzle Library
Sporcle Events
Private Events
Virtual Trivia
Globe League
Become a Host
Pub Owners
SporcleCon
Opinionation
Our Games
Videos
Blog
Mobile Apps
Partnerships
Remove Ads and Go Orange
Feedback
Literature
Harry Potter
A Song of Ice and Fire
The Hunger Games
Literary Character
Shakespeare
Book
Author
Novel
Poem
Young Adult
Children's Books
Play
Lord of the Rings
Literature
Harry Potter
A Song of Ice and Fire
The Hunger Games
Literary Character
Shakespeare
Book
Author
Novel
Poem
Young Adult
Children's Books
Play
Lord of the Rings
Random Quiz
Search Sporcle
×
Quiz Lab
Quiz Lab
Literature
The Hunger Games
Type in answers that appear in a list
Type in answers that appear in a list
Classic
Best Score? Go Orange.
Hunger Games Characters Stats
Can you name the Hunger Games Characters ?
By
sophel321
6m
41 Questions
184 Plays
184 Plays
184 Plays
Comments
Comments
Give Quiz Kudos
Give Quiz Kudos
-
- Ratings
hide this ad
Replay
Link that replays current quiz
Next Quiz
Link to next quiz in quiz playlist
You Got
0%
They Got
Avg Score
69%
Avg Friend Score
Upgrade to see
Score Distribution
Jump to the score distribution portion of the page
Score
0/41
Timer
06:00
0
Plays Today
Who is
Character
% Correct
District 12 Girl Tribute
Katniss Everdeen
98.9%
Katniss's ali
Rue
83.2%
Female tribute of district 11 in 74th games
Rue
83.2%
Hunting partner/
'cousin'
Gale
82.6%
Katniss's little sister
Primrose
79.9%
Mentor
Haymitch
79.3%
Katniss's Stylist
Cinna
78.8%
_
_
_
_
_
_
_
Trinket
Effie
77.7%
Male tribute of district 11 in 74th games
Thresh
77.2%
Female tribute of district 2 in 74th games
Clove
76.1%
Ruler of Panem
President Snow
75.5%
Female tribute of district 1 in 74th games
Glimmer
75.5%
Male tribute of district 2 in 74th games
Cato
75.5%
Female tribute of district 5 in 74th games
Foxface
75.5%
Died in a mine accident
Katniss's father
75%
Peeta's Stylist
Portia
73.9%
Male tribute of district 4 in 75th games
Finnick
73.9%
Male tribute of district 1 in 74th games
Marvel
73.4%
Katniss's friend from district 12
Madge Undersee
72.3%
Head Gamemaker of 74th games
Seneca Crane
71.2%
Female tribute of district 3 in 75th games
Beetee
71.2%
Who is
Character
% Correct
Male tribute of district 3 in 75th games
Wiress
71.2%
Female tribute of district 4 in 75th games
Mags
70.7%
Female tribute of district 7 in 75th games
Johanna
70.1%
Works an apothecary shop
Katniss's mother
69.6%
Sells soup in the Hob
Greasy Sae
68.5%
Male tribute of district 2 in 75th games
Brutus
67.9%
Female tribute of district 1 in 75th games
Cashmere
67.4%
Male tribute of district 1 in 75th games
Gloss
66.8%
Head Gamemaker of 75th games
Plutarch Heavensbee
65.8%
Female tribute of district 2 in 75th games
Enobaria
65.2%
Male tribute of district 11 in 75th games
Chaff
63%
Mayor of 12
Mayor Undersee
63%
Does the laundry/
Gale's Mother
Hazelle
62.5%
Prep teamer with orange corkscrew hair
Flavius
62.5%
A popular capitol reporter
Caesar
59.8%
Male tribute of district 7 in 75th games
Blight
59.2%
Female tribute of district 11 in 75th games
Seeder
58.2%
Male tribute of district 8 in 75th games
Woof
57.6%
Female tribute of district 8 in 75th games
Cecilia
39.7%
District 12 Boy Tribute
Peeta Mallark
23.9%
Quiz Playlist
Details
Report
Send in Message
Add To Playlist
Classic:
Type in answers that appear in a list
Last Updated: Feb 16, 2017
Quiz Scoreboard
CHALLENGE
Sign Up to Join the Scoreboard
Show All
Scores
Hide
Comments
May contain spoilers
Recently Published
Holiday 10x10 Sorting Gallery
by lukepisani3
Holiday
15m
Two Season TV Shows II
by 123Four
Television
10m
Image Sorting: Flags VI
by Barbecue
Geography
2m
More to Explore
Quiz From the Vault
Featured Blog Post
14 Easter Pick-up Lines to Find Eggs With
hide this ad
You Might Also Like...
Tags
The Hunger Games Quiz
Character
Hunger
Today's Top Quizzes in Literature
Browse Literature
hide this ad
Today's Top Quizzes in The Hunger Games
Browse The Hunger Games
Top Contributed Quizzes in Literature
1
Sneaky Slytherin Logic Puzzle
2
Game of Thrones: Hodor
3
Harry Potter logic puzzle: The Hogwarts Soap Opera
4
Criteria Quiz: Harry Potter Deaths
5
Moaning Myrtle's Bathroom: Logic Puzzle
6
Get The Picture: Black or White Literature
7
50 Books...Fast and Fatal!
8
Logic Puzzle: Avoid Dumbledore's Army
9
'Middle' Earth
10
Weasley Family Reunion: Logic Puzzle
Explore More
Trending Topics
NBA
Kpop
Anime
Crossword
Marvel
Harry Potter
Disney
The Office
WWE
Puzzle
Country
Pokémon
Soccer
NFL
Song
hide this ad
More By:
sophel321
Quiz
Plays
Rating
Category
Featured
Created
Demi Lovato Unbroken Lyrics
529
Music
Jan 7, 2012
Hunger Games Characters
184
Literature
Jan 7, 2012
Go to Creator's Profile
Score Distribution
Quiz Creator Spotlight
sophel321
Follow
Send a Message
Quizzes Created
-
Created Quiz Play Count
-
More By This Creator
Popular Quizzes Today
1
Find the US States - No Outlines Minefield
2
Colored Red Africa Blitz
3
Find the 'City' Movie
4
The Countries of the World
5
Find the US States
6
5x2 Blitz: Bands
7
Find the Countries of Europe - No Outlines Minefield
8
US States
More Literature Quizzes
Finish the Dr. Seuss Title
Published
Trending Quizzes
Colored Red Europe Blitz I
Colored Red Europe Blitz II
Colored Red Africa Blitz II
Colored Red Africa Blitz III
Colored Red Europe Blitz III
Recently Updated
Odd Team Out - Big 4 Players
pecheneg
Quick Pick: 20 Twenties
pecheneg
March Madness Men's Triple Doubles
pecheneg
How Do You Spell That?
pecheneg
Godzilla Movies
pecheneg
Grab Bag: 4-10 Letters
pecheneg
2024 March Madness Bracket
pecheneg
Famous TV Couples
Peacemaker
Champions League XIs: Real Madrid
pecheneg
Largest US Cities 1790-2010
pecheneg
Trending Topics
Crossword
NBA
Anime
Kpop
Marvel
Disney
Harry Potter
Puzzle
Pokémon
Country
The Office
WWE
NFL
Song
Soccer
Your Account Isn't Verified!
In order to create a playlist on Sporcle, you need to verify the email address you used during registration. Go to your
Sporcle Settings
to finish the process.
Report this User
Report this user for behavior that violates our
Community Guidelines
.
Details:
Send Report
Go to the Sporcle.com Mobile Site →
Comments